| 000 | 00475nam a2200193Ia 4500 | ||
|---|---|---|---|
| 003 | OSt | ||
| 005 | 20260203144053.0 | ||
| 008 | 250729s1900 xx 000 0 und d | ||
| 040 | _cAL | ||
| 041 | _aeng | ||
| 082 | _a307.772 DSOM | ||
| 100 |
_aD'Souza S J Lawrence _9228360 |
||
| 245 | _aMalekudiyas : a primitive tribe of south india | ||
| 260 | _aMangalore | ||
| 300 | _a94p | ||
| 650 |
_aSociology _9228361 |
||
| 700 |
_aD'o Digumurthi _9228362 |
||
| 942 |
_2ddc _cBED |
||
| 999 |
_c237971 _d237971 |
||